Atlas of comparative sectional anatomy of 6 invertebrates and 5 vertebrates / (رقم التسجيلة. 24187)
[ عرض عادي ]
| 000 -الفاتح | |
|---|---|
| حقل البيانات ثابتة الطول | 01599cam a22003137a 4500 |
| 001 - رقم الضبط | |
| رقم الضبط | 16251059 |
| 003 - محدد رقم الضبط | |
| رقم الضبط | OSt |
| 005 - وقت وتاريخ اخر تعامل مع التسجيلة | |
| رقم الضبط | 20150408114045.0 |
| 008 - عناصر البيانات ثابتة الطول - معلومات عامة | |
| حقل البيانات ثابتة الطول | 120623s2010 au a | 001 0 eng |
| 020 ## - الرقم الدولى المعيارى للكتب | |
| الرقم الدولى المعيارى للكتاب | 9783211997628 (hbk.) |
| 020 ## - الرقم الدولى المعيارى للكتب | |
| الرقم الدولى المعيارى للكتاب | 3211997628 (hbk.) |
| 040 ## - مصدر الفهرسة | |
| وكالة النسخ | MU |
| 082 04 - رقم تصنيف ديوى العشرى | |
| رقم التصنيف | 571.312 A T C |
| رقم الطبعة | 22 |
| 245 00 - بيان العنوان | |
| العنوان | Atlas of comparative sectional anatomy of 6 invertebrates and 5 vertebrates / |
| بيان المسئوليه,etc | Géza Zboray ... [et al.]. |
| 246 13 - العنوان الموازى | |
| عنوان صحيح/عنوان مختصر | Atlas of comparative sectional anatomy of six invertebrates and five vertebrates |
| 260 ## - PUBLICATION, DISTRIBUTION, ETC. (IMPRINT) | |
| مكان الناشر او الموزع | Wien ; |
| -- | New York : |
| اسم الناشر او الموزع | Springer, |
| تاريخ النشر أو التوزيع | c2010. |
| 300 ## - الوصف المادى | |
| التعداد | 295 p. : |
| تفاصيل ماديه اخرى للوعاء | ill. (some col.) ; |
| أبعاد الوعاء | 30 cm. + |
| المادة المصاحبة | 1 CD-ROM (4 3/4 in.) + 1 3-D glasses |
| 500 ## - تبصرة عامة | |
| تبصرة عامة | Includes index. |
| 505 0# - تبصرة محتويات-الفهرس | |
| تبصرة المحتويات المصاغة | The roundworm of pigs (Ascaris suum) -- The earthworm (Lumbricus terrestris) -- The swan mussel (Anodonta cygnea) -- The roman snail (Helix pomatia) -- The spiny-cheek crayfish (Orconectes limosus) -- The giant cockroach (Blaberus giganteus) -- The carp (Cyprinus carpio) -- The edible frog (Rana esculenta) -- The red eared slider (Trachemys scripta elegans) -- The domestic fowl (Gallus gallus domesticus) -- The laboratory rat (Rattus rattus). |
| 538 ## - تبصرة تفاصيل النظام | |
| تبصرة التفاصيل الفنية لملف الحاسب | CD-ROM. |
| 650 #4 - المدخل الاضافى بالموضوع-مصطلح موضوعى | |
| مصطلح موضوعي أو اسم جغرافي كعنصر مدخل | Anatomy, Comparative |
| التقسيم الفرعي الشكلي | Atlases. |
| 9 (RLIN) | 15973 |
| 650 #4 - المدخل الاضافى بالموضوع-مصطلح موضوعى | |
| مصطلح موضوعي أو اسم جغرافي كعنصر مدخل | Invertebrates |
| التقسيم الفرعي العام | Anatomy |
| التقسيم الفرعي الشكلي | Atlases. |
| 9 (RLIN) | 15974 |
| 650 #4 - المدخل الاضافى بالموضوع-مصطلح موضوعى | |
| مصطلح موضوعي أو اسم جغرافي كعنصر مدخل | Vertebrates |
| التقسيم الفرعي العام | Anatomy |
| التقسيم الفرعي الشكلي | Atlases. |
| 9 (RLIN) | 15975 |
| 700 1# - المدخل الاضافى - اسم شخصى | |
| الإسم الشخصى | Zboray, Géza. |
| 9 (RLIN) | 15976 |
| 906 ## - عنصر بيانات محلى F, LDF (RLIN) | |
| a | 7 |
| b | cbc |
| c | copycat |
| d | 2 |
| e | ncip |
| f | 20 |
| g | y-gencatlg |
| 942 ## - عناصر المدخل الإضافي( كوها) | |
| مصدر التصنيف او مخطط الترفيف | Dewey Decimal Classification |
| Koha [default] item type | DVD |
| حالة الفقد | نموذج السعر الفعال | حالة تلف | ليس للاعارة | رقم الطلب | رقم النسخة | تاريخ الاكتساب | الموقع الحالي | الباركود | الفرع الرئيسي | Date last seen | نوع المادة فى نظام كوها | مصدر التصنيف او خطة الترفيف | Total Checkouts |
|---|---|---|---|---|---|---|---|---|---|---|---|---|---|
| 2013-03-10 | 571.312 A T C | c.1 | 2012-06-23 | المكتبة المركزية بالمجمعة (CL) | 00109782 | المكتبة المركزية بالمجمعة (CL) | 2013-03-10 | كتاب | Dewey Decimal Classification | ||||
| 2013-03-10 | 571.312 A T C | c.2 | 2012-06-23 | المكتبة المركزية بالمجمعة (CL) | 00109783 | المكتبة المركزية بالمجمعة (CL) | 2013-03-10 | كتاب | Dewey Decimal Classification | ||||
| 2013-03-10 | 571.312 A T C | c.3 | 2012-06-23 | المكتبة المركزية بالمجمعة (CL) | 00109784 | المكتبة المركزية بالمجمعة (CL) | 2013-03-10 | كتاب | Dewey Decimal Classification |
